|
|
|
|
| LEADER |
00000cam a2200000 a 4500 |
| 001 |
46693 |
| 005 |
20230713062909.0 |
| 008 |
997111|1992 ||||||||r|||||||||||spa|| |
| 040 |
|
|
|b spa
|
| 082 |
0 |
|
|a 923
|
| 100 |
1 |
|
|a Núñez Sánchez, Jorge.
|d 1947-2020
|9 4244
|
| 245 |
1 |
1 |
|a Eugenio Espejo precursor de la independencia
|c Jorge Núñez Sánchez, compilador
|h imp
|
| 264 |
|
|
|a Quito
|b Ediciones Adhilac
|c 1992
|
| 300 |
|
|
|a 272 páginas:
|b ilu
|c 21 cm
|
| 504 |
|
|
|a incl. ref.
|
| 600 |
1 |
7 |
|a Espejo, Eugenio.
|d 1747-1795
|9 6871
|
| 852 |
|
|
|a UC-CDJBV
|c TERCER PISO
|f Donación
|k margarita.gutierrez
|l 1
|m General
|p 19971118
|q 5,000
|r 2
|t 46693
|b 0
|d CDRC
|e CDRC
|g 923 TERCER PISO
|z 1997-71-11
|
| 942 |
|
|
|c BK
|
| 999 |
|
|
|c 8375
|d 8375
|